Derecho de Familia. Tomo I /
La familia y el derecho de familia, del parentesco y de ciertas obligaciones derivadas, los esponsales y el corretaje matrimonial, el matrimonio, nociones generales, de la forma del matrimonio, nociones generales, de la forma del matrimonio, de los impedimentos, el consentimiento matrimonial y sus v...
Guardado en:
| Autor Principal: | |
|---|---|
| Otros Autores: | |
| Formato: | Libro |
| Idioma: | Spanish |
| Publicado: |
Asunción :
La Ley,
2019.
|
| Materias: | |
| Etiquetas: |
Agregar Etiqueta
Sin Etiquetas, Sea el primero en etiquetar este registro!
|
| LEADER | 00952nam a22001815a 4500 | ||
|---|---|---|---|
| 001 | DER.der015574 | ||
| 008 | 251204s2019####py############000#0#spa#d | ||
| 005 | 20251204170834.0 | ||
| 245 | 1 | 0 | |a Derecho de Familia. |n Tomo I / |c José Antonio Moreno Ruffinelli; con prólogo de Augusto C. Belluscio. |
| 260 | |a Asunción : |b La Ley, |c 2019. | ||
| 300 | |a 314 p. | ||
| 520 | |a La familia y el derecho de familia, del parentesco y de ciertas obligaciones derivadas, los esponsales y el corretaje matrimonial, el matrimonio, nociones generales, de la forma del matrimonio, nociones generales, de la forma del matrimonio, de los impedimentos, el consentimiento matrimonial y sus vicios, la nulidad del matrimonio. | ||
| 586 | |a Premio Nacional de Ciencias Año 2006 | ||
| 020 | |a 999257223X | ||
| 100 | 1 | |a Moreno Rufinelli, José Antonio. | |
| 700 | 1 | |a Belluscio, Augusto C., |e Prólogo. | |
| 650 | 7 | |a DERECHO DE FAMILIA | |
| 859 | |a DERECHO |b BIB. DERECHO |h 346.015 |i MOR |p 009851 |3 Tomo I | ||
